000 00252nam a2200109Ia 4500
008 230312s9999||||xx |||||||||||||| ||und||
082 _a657
_bATR-A
100 _aAtrill
245 0 _aAccounting business and society
650 _aManagement
942 _cBK
999 _c14615
_d14615